000 00884nab a2200265 u 4500
001 19470
003 HDC
007 cr bn ---aaaaa
008 210301c20100323xx dr|noo 0 a eng d
040 _aHDC
100 _aSaseendran, Sajila
_eauthor
_917920
245 0 _aRethink on Cooking with Alcohol in Dubai / by
_cSajila Saseendran
260 _a[No place] :
_b[publisher not identified],
_c2010
300 _a1 online resource
336 _atext
_2rdacontent
337 _acomputer
_2rdamedia
338 _aonline resource
_2rdacarrier
650 _aalcohol consumption
_917803
650 _arestaurants
_92152
710 _aHalal Focus
856 _zRequest full-text at [email protected]
942 _2lcc
942 _cNEWS
942 _kNWSO 006229
999 _c16786
_d16786